Inside Autocad (Record no. 230149)

MARC details
000 -LEADER
fixed length control field 00419nam a2200193Ia 4500
008 - FIXED-LENGTH DATA ELEMENTS--GENERAL INFORMATION
fixed length control field 240823s9999||||xx |||||||||||||| ||und||
082 ## - DEWEY DECIMAL CLASSIFICATION NUMBER
-- 604.240285686 M7
100 ## - MAIN ENTRY--PERSONAL NAME
Personal name Raker D
245 #0 - TITLE STATEMENT
Title Inside Autocad
250 ## - EDITION STATEMENT
Edition statement 1st
260 ## - PUBLICATION, DISTRIBUTION, ETC. (IMPRINT)
Date of publication, distribution, etc 1987
Name of publisher, distributor, etc BPB PUBLICA
500 ## - GENERAL NOTE
General note YES
650 ## - SUBJECT ADDED ENTRY--TOPICAL TERM
Topical term or geographic name as entry element AutoCad
700 ## - ADDED ENTRY--PERSONAL NAME
Personal name Rice H
942 ## - ADDED ENTRY ELEMENTS (KOHA)
Item type Books
Holdings
Withdrawn status Lost status Damaged status Permanent location Current location Shelving location Date acquired Source of acquisition Cost, normal purchase price Full call number Barcode Date last seen Koha item type
      CENTRAL LIBRARY, NOORUL ISLAM CENTRE FOR HIGHER EDUCATION CENTRAL LIBRARY, NOORUL ISLAM CENTRE FOR HIGHER EDUCATION   11/09/2018 Gift Book from Dr.A.E. Muthunayagam 150.00 604.240285686 M7 78395 08/23/2024 Books
Visitors:
Copyright © 2024 Central Library NICHE.  All rights reserved.